000 00293nam a22001097a 4500
008 211013b ||||| |||| 00| 0 eng d
050 _aPeriodical
245 _aForced Migration Review
260 _aOxford
_bUniversity of Oxford
_c2010
300 _aNot specified
942 _2lcc
_cPERIODICAL
999 _c130774
_d130774